000 00306nam a2200133Ia 4500
100 _aHarper/ Sampson
942 _cBK
654 _aElectronics
245 _aElectronics materials & Processes
260 _bMc Graw Hill
_aNew York
_c1993
082 _a621.381
_bHAR/SAM
546 _aENGLISH
999 _c26467
_d26467